000
00368nam a2200133Ia 4500
001
10927
003
GE_BSU
008
181216s||||||||xx |||||||||||||| ||und||
040
_c
GE_BSU
245
_a
Энциклопедический словарь
245
_b
Т.4а=:Бось-Бунчукь.
653
_a
Энциклопедический словарь
942
_c
BK
999
_c
44169
_d
44169